| Tag |
First Indicator |
Second Indicator |
Subfields |
| LEADER |
00000cam a2200000 i 4500 |
| 001 |
in00000330458 |
| 005 |
20151011052459.0 |
| 008 |
761007s1976 dcua b 00010 eng |
| 010 |
|
|
|a 76040493
|
| 020 |
|
|
|a 0309025273
|
| 035 |
|
|
|a (OCoLC)02434427
|
| 035 |
|
|
|9 ABL3732AM
|
| 040 |
|
|
|a DLC
|c DLC
|d TXA
|d UtOrBLW
|
| 049 |
|
|
|a TXAM
|c [1553766]
|
| 050 |
0 |
0 |
|a QE538.8
|b .N37 1976
|
| 082 |
0 |
|
|a 551.2/2
|
| 110 |
2 |
|
|a National Research Council (U.S.).
|b Panel on Earthquake Prediction.
|
| 245 |
1 |
0 |
|a Predicting earthquakes :
|b a scientific and technical evaluation, with implications for society /
|c Panel on Earthquake Prediction of the Committee on Seismology, Assembly of Mathematical and Physical Sciences, National Research Council.
|
| 264 |
|
1 |
|a Washington :
|b National Academy of Sciences,
|c 1976.
|
| 300 |
|
|
|a vii, 62 pages :
|b illustrations ;
|c 28 cm.
|
| 336 |
|
|
|a text
|b txt
|2 rdacontent
|
| 337 |
|
|
|a unmediated
|b n
|2 rdamedia
|
| 338 |
|
|
|a volume
|b nc
|2 rdacarrier
|
| 504 |
|
|
|a Includes bibliographical references.
|
| 650 |
|
0 |
|a Earthquake prediction.
|
| 999 |
|
|
|a MARS
|
| 999 |
f |
f |
|s 4eb49414-635c-303b-9f21-815d777c68fd
|i 3011d23d-c9a2-3396-b5e5-b2ac34ad3284
|t 0
|
| 952 |
f |
f |
|p ric
|a Texas A&M University
|b Rellis Campus
|c Joint Library Facility
|s JLF
|d Remote Storage
|t 0
|e QE538.8 .N37 1976
|h Library of Congress classification
|i unmediated -- volume
|m A14804796105
|
| 998 |
f |
f |
|a QE538.8 .N37 1976
|t 0
|l Remote Storage
|